| 000 | 00498nam a2200169Ia 4500 | ||
|---|---|---|---|
| 999 |
_c2240 _d2240 |
||
| 020 | _a81-7036-698-4 | ||
| 082 | _a954 BET; | ||
| 245 | 0 | _aBetween tradition and modernity: India's search for identity:a twentieth century anthology | |
| 260 |
_aNew Delhi _bSage Publications _c1998 |
||
| 300 | _a374p. | ||
| 650 | _aIndia - Politics and government - 1765-1947 | ||
| 650 | _aIndia - Civilization | ||
| 650 | _aNationalism - India | ||
| 700 | _aDallmayr, Fred | ||
| 700 | _aDevy, G.N. | ||
| 942 | _cBK | ||